Las mujeres que se quedan: migración e implicación en los procesos de búsqueda de atención de servicios de salud /
El objetivo es analizar los procesos de búsqueda de atención de los servicios de salud en comunidades de alto índice migratorio. Este es un estudio cualitativo, realizado entre octubre de 2004 y mayo de 2005 en dos comunidades de alto índice de intensidad migratoria internacional en México. Se entre...
Guardado en:
| Autor principal: | |
|---|---|
| Otros Autores: | , , , |
| Formato: | Texto |
| Materias: | |
| Etiquetas: |
Agregar Etiqueta
Sin Etiquetas, Sea el primero en etiquetar este registro!
|
MARC
| LEADER | 00000 a a2200000 04500 | ||
|---|---|---|---|
| 001 | 17306 | ||
| 003 | |||
| 040 | |||
| 100 | |a Caballero, Marta | ||
| 245 | |a Las mujeres que se quedan: |b migración e implicación en los procesos de búsqueda de atención de servicios de salud / |c Marta Caballero ; René Leyva - Flores ; Sandra Catalina Ochoa - Marín ; Angel Zarco ; Claudia Guerrero | ||
| 520 | |a El objetivo es analizar los procesos de búsqueda de atención de los servicios de salud en comunidades de alto índice migratorio. Este es un estudio cualitativo, realizado entre octubre de 2004 y mayo de 2005 en dos comunidades de alto índice de intensidad migratoria internacional en México. Se entrevistó a 60 mujeres compañeras de migrantes de dos comunidades (urbana/rural) del centro de México con elevada migración hacia Estados Unidos. Entre los resultados encontrados se menciona que el contexto de la migración se identifican dos formas de recomposición familiar: integración de la mujer a su familia y casos de mujeres solas. La primera mostró mayor apoyo y control para buscar atención médica, sobre todo en salud sexual y reproductiva. La segunda tiene menor apoyo, pero mayor capacidad para buscar atención médica con privacidad e independencia. Los autores concluyen que la reestructuración familiar condiciona la búsqueda oportuna de servicios de salud en mujeres compañeras de migrantes. Las situaciones identificadas funcionan como obstáculos o facilitadotes de la movilización de recursos para la atención de la salud | ||
| 650 | |a MIGRACION | ||
| 650 | |a MUJERES | ||
| 650 | |a SALUD | ||
| 650 | |a FAMILIA | ||
| 650 | |a INVESTIGACION SOCIAL | ||
| 650 | |a MEXICO | ||
| 700 | |a Leyva - Flores, René | ||
| 700 | |a Ochoa - Marín, Sandra Catalina | ||
| 700 | |a Zarco, Angel | ||
| 700 | |a Guerrero, Claudia | ||
| 773 | |g volumen 50, número 3; páginas 241-250 | ||
| 999 | |c 35777 |d 35777 | ||
